Environmental economics and natural resource management / (Record no. 6497)

MARC details
000 -LEADER
fixed length control field 01414cam a2200217 4500
001 - CONTROL NUMBER
control field 7589
005 - DATE AND TIME OF LATEST TRANSACTION
control field 20181127183927.0
008 - FIXED-LENGTH DATA ELEMENTS--GENERAL INFORMATION
fixed length control field 030529s2004 ohuam 001 0 eng d
020 ## - INTERNATIONAL STANDARD BOOK NUMBER
International Standard Book Number 0324133820
International Standard Book Number 9780324133820
100 1# - MAIN ENTRY--PERSONAL NAME
Personal name Anderson, David A
245 10 - TITLE STATEMENT
Title Environmental economics and natural resource management /
Statement of responsibility, etc. David A. Anderson
260 ## - PUBLICATION, DISTRIBUTION, ETC.
Place of publication, distribution, etc. Mason, Ohio :
Name of publisher, distributor, etc. South-Western/Thomson,
Date of publication, distribution, etc. c2004
300 ## - PHYSICAL DESCRIPTION
Extent xvi, 400 p. :
Other physical details ill. ;
Dimensions 24 cm
500 ## - GENERAL NOTE
General note Includes index
505 ## - FORMATTED CONTENTS NOTE
Formatted contents note The Big Picture 2. Efficiency and Choice 3. Market Failure 4. The Role of Government 5. Trade-Offs and the Economy 6. Environmental Quality 7. Energy 8. Sustainability 9. Population, Poverty and Economic Growth 10. Biodiversity and Valuation 11. International and Global Issues 12. Perspectives on Environmental Policy 13. Natural Resource Management: Renewable Resources 14. Natural Resource Management: Depletable and Replenishable Resources 15. Environmentral Dispute Resolution 16. Morals and Motivation
Miscellaneous information
Statement of responsibility
Title
520 ## - SUMMARY, ETC.
Summary, etc. Building a foundation, the big picture. Efficiency and choice, cost benefit analysis, supply and demand, summary, problems for review, internet resources, further reading. Market failure. The role o government. Environmental quality. Sustainability.
650 #0 - SUBJECT ADDED ENTRY--TOPICAL TERM
Topical term or geographic name entry element Environmental economics
Topical term or geographic name entry element Natural resources
General subdivision Management
Holdings
Withdrawn status Lost status Source of classification or shelving scheme Damaged status Not for loan Collection code Home library Current library Shelving location Serial Enumeration / chronology Inventory number Total Checkouts Total Renewals Full call number Barcode Date last seen Date last checked out Price effective from Koha item type
    Dewey Decimal Classification     Main TEST RTC Library RTC Library Main opac 11543 2 1 333.7 AND 30012402 08/11/2019 31/10/2019 27/11/2018 Main
Royal Thimphu College || All Right Reserved